ბათუმის შოთა რუსთაველის სახელმწიფო უნივერსიტეტის ბიბლიოთეკა

ძველი ქართულის ძეგლები. 4: წიგნნი ძუელისა აღთქუმისანი. 978 წლის ხელნაწერის მიხედვით. წ.1. ნაკვ. 2. ლევიტელთაი მსაჯულთაი რუთისი ; იობისი ; ესაიაისი (ბიბ.ჩანაწერი № 51107)

000 -LEADER
fixed length control field 01314nam a2200229Ia 4500
001 - CONTROL NUMBER
control field 18064
003 - CONTROL NUMBER IDENTIFIER
control field GE_BSU
008 - FIXED-LENGTH DATA ELEMENTS--GENERAL INFORMATION
fixed length control field 181216s||||||||xx |||||||||||||| ||und||
040 ## - CATALOGING SOURCE
Transcribing agency GE_BSU
080 ## - UNIVERSAL DECIMAL CLASSIFICATION NUMBER
Universal Decimal Classification number 811.353.1'36+27
245 ## - TITLE STATEMENT
Title ძველი ქართულის ძეგლები. 4: წიგნნი ძუელისა აღთქუმისანი. 978 წლის ხელნაწერის მიხედვით. წ.1. ნაკვ. 2. ლევიტელთაი მსაჯულთაი რუთისი ; იობისი ; ესაიაისი
245 ## - TITLE STATEMENT
Statement of responsibility, etc. გამომც. და წინასიტყვ. ა. შანიძე.
260 ## - PUBLICATION, DISTRIBUTION, ETC.
Place of publication, distribution, etc. თბილისი
260 ## - PUBLICATION, DISTRIBUTION, ETC.
Name of publisher, distributor, etc. საქ. სსრ. მეცნ. აკად. გამ-ბა
260 ## - PUBLICATION, DISTRIBUTION, ETC.
Date of publication, distribution, etc. 1948
300 ## - PHYSICAL DESCRIPTION
Extent 192გვ. 27 სმ.
520 ## - SUMMARY, ETC.
Summary, etc. გაშლილ თავფურ. სათაური რუსულ ენაზე. წინასიტყვაობა რუსულ ენაზე
653 ## - INDEX TERM--UNCONTROLLED
Uncontrolled term მსაჯულთაი რუთისი ; იობისი ; ესაიაისი
653 ## - INDEX TERM--UNCONTROLLED
Uncontrolled term ძველი აღთქმა
653 ## - INDEX TERM--UNCONTROLLED
Uncontrolled term წიგნნი ძუელისა აღთქუმისანი
942 ## - ADDED ENTRY ELEMENTS (KOHA)
Koha item type წიგნი
ეგზემპლარები
Withdrawn status Lost status Damaged status Not for loan Date acquired Barcode Date last seen Price effective from Koha item type
        2018-12-17 46049 2018-12-17 2018-12-17 წიგნი
        2018-12-17 46050 2018-12-17 2018-12-17 წიგნი
        2018-12-17 46051 2018-12-17 2018-12-17 წიგნი
        2018-12-17 46052 2018-12-17 2018-12-17 წიგნი
        2018-12-17 46053 2018-12-17 2018-12-17 წიგნი
        2018-12-17 46054 2018-12-17 2018-12-17 წიგნი
        2018-12-17 46059 2018-12-17 2018-12-17 წიგნი